书目信息 |
| 题名: |
梦二画集
|
|
| 作者: | 竹久梦二, 著 ;郭尔雅 译 | |
| 分册: | 秋之卷 | |
| 出版信息: | 北京 现代出版社 2016.1 |
|
| 页数: | 120页 | |
| 开本: | 24cm | |
| 丛书名: | ||
| 单 册: | ||
| 中图分类: | I313.25 , J238.5(313) | |
| 科图分类: | ||
| 主题词: | 诗集--shi ji--日本--现代 , 插图 (绘画)--cha tu (hui hua )--作品集--日本--现代 | |
| 电子资源: | ||
| ISBN: | 978-7-5143-4127-0 | |
| 000 | 01006nam0 22002771 450 | |
| 001 | 0122100931 | |
| 005 | 20170322100931.0 | |
| 010 | @a978-7-5143-4127-0@dCNY38.00 | |
| 100 | @a20151223d2016 em y0chiy50 ea | |
| 101 | 1 | @achi@cjpn |
| 102 | @aCN@b110000 | |
| 105 | @aa z 000gy | |
| 106 | @ar | |
| 200 | 1 | @a梦二画集@9meng er hua ji@i秋之卷@f(日) 竹久梦二著@g郭尔雅译 |
| 210 | @a北京@c现代出版社@d2016.1 | |
| 215 | @a120页@c图@d24cm | |
| 330 | @a本书收录的作品包括: 《美丽的疲惫》、《愉快的早晨》、《秋日私语》、《地下室的女子》、《酒》、《俄罗斯面包》、《在冈山医院》、《窗外日光, 窗内花香》、《浑身通红的锅炉工》、《归家》等。 | |
| 517 | 1 | @a秋之卷@9qiu zhi juan |
| 606 | 0 | @a诗集@9shi ji@y日本@z现代 |
| 606 | 0 | @a插图 (绘画)@9cha tu (hui hua )@x作品集@y日本@z现代 |
| 690 | @aI313.25@v5 | |
| 690 | @aJ238.5(313)@v5 | |
| 701 | 0 | @a竹久梦二,@9zhu jiu meng er ,@f1884-1934@4著 |
| 702 | 0 | @a郭尔雅@9guo er ya@4译 |
| 801 | 0 | @aCN@bTANGWEI@c20170308 |
| 905 | @b0960926-9@dI313.25@e372@f4 | |
| 梦二画集.秋之卷/(日) 竹久梦二著/郭尔雅译.-北京:现代出版社,2016.1 |
| 120页:图;24cm |
| ISBN 978-7-5143-4127-0:CNY38.00 |
| 本书收录的作品包括: 《美丽的疲惫》、《愉快的早晨》、《秋日私语》、《地下室的女子》、《酒》、《俄罗斯面包》、《在冈山医院》、《窗外日光, 窗内花香》、《浑身通红的锅炉工》、《归家》等。 |
| ● |
| 相关链接 |
|
|
|
|
正题名:梦二画集
索取号:I313.25/372
 
预约/预借
| 序号 | 登录号 | 条形码 | 馆藏地/架位号 | 状态 | 备注 |
| 1 | 0960926 | 209609262 | 第一样本阅览室/ [索取号:I313.25/372] | 在馆 | |
| 2 | 0960927 | 209609271 | 第二借阅区/ [索取号:I313.25/372] | 在馆 | |
| 3 | 0960928 | 209609280 | 第二借阅区/ [索取号:I313.25/372] | 在馆 | |
| 4 | 0960929 | 209609299 | 第二借阅区/ [索取号:I313.25/372] | 在馆 |